[Event "CAN-ch U16"]
[Site "Quebec"]
[Date "2018.07.05"]
[Round "7.24"]
[White "Morin, Gabriel"]
[Black "Zhou, Mike"]
[Result "1-0"]
[WhiteElo "926"]
[BlackElo "1352"]
[PlyCount "43"]
[EventDate "2018.07.02"]
[EventType "swiss"]
[EventRounds "7"]
[EventCountry "CAN"]
[SourceTitle "EXT 2022"]
[Source "ChessBase"]
[SourceDate "2021.10.06"]
[SourceVersion "1"]
[SourceVersionDate "2021.10.06"]
[SourceQuality "1"]

1. e4 c6 2. Nc3 d5 3. d4 dxe4 4. Nxe4 g6 5. c3 Bg7 6. Bd3 Nf6 7. h3 Nxe4 8. Bxe4 0-0 9. Nf3 f5 10. Bd3 b5 11. a3 h6 12. 0-0 Nd7 13. Re1 a6 14. Bf4 Bb7 15. Qe2 Re8 16. b4 Nb6 17. Qe6+ Kh7 18. Nh4 Bf6 19. Qf7+ Bg7 20. Be5 Rg8 21. Qxg6+ Kh8 22. Qxh6# 1-0

[Event "CAN-ch U16"]
[Site "Quebec"]
[Date "2018.07.03"]
[Round "4.24"]
[White "Caron, Daniel"]
[Black "Zhou, Mike"]
[Result "1-0"]
[WhiteElo "1234"]
[BlackElo "1352"]
[PlyCount "65"]
[EventDate "2018.07.02"]
[EventType "swiss"]
[EventRounds "7"]
[EventCountry "CAN"]
[SourceTitle "EXT 2022"]
[Source "ChessBase"]
[SourceDate "2021.10.06"]
[SourceVersion "1"]
[SourceVersionDate "2021.10.06"]
[SourceQuality "1"]

1. e4 c5 2. d4 e6 3. Nf3 d5 4. e5 Nc6 5. Bb5 Qb6 6. Bxc6+ bxc6 7. c3 cxd4 8. cxd4 Ba6 9. Qb3 Qxb3 10. axb3 Bb5 11. Nc3 Bb4 12. Bd2 Bxc3 13. bxc3 f6 14. Bc1 Bd3 15. Ba3 Ne7 16. Bc5 a6 17. Kd2 Be4 18. Rhg1 Ng6 19. Ne1 fxe5 20. f3 Bf5 21. g4 exd4 22. Bxd4 Bxg4 23. fxg4 e5 24. Bc5 Nf4 25. Nd3 Nxd3 26. Kxd3 e4+ 27. Kd4 g6 28. Rgf1 h5 29. gxh5 gxh5 30. h4 Kd7 31. Rf7+ Ke6 32. Raf1 Rae8 33. R1f6# 1-0

[Event "Ontario-ch U20 U1800"]
[Site "Mississauga"]
[Date "2018.01.28"]
[Round "4"]
[White "Zhou, Mike"]
[Black "Ning, Alwin"]
[Result "0-1"]
[WhiteElo "1393"]
[BlackElo "1529"]
[PlyCount "74"]
[EventDate "2018.01.27"]
[EventType "swiss"]
[EventRounds "5"]
[EventCountry "CAN"]
[SourceTitle "EXT 2022"]
[Source "ChessBase"]
[SourceDate "2021.10.06"]
[SourceVersion "1"]
[SourceVersionDate "2021.10.06"]
[SourceQuality "1"]

1. c4 e5 2. g3 Nc6 3. Bg2 Nf6 4. e3 Bc5 5. b3 d6 6. h3 Bf5 7. Nc3 Rb8 8. e4 Bg6 9. d3 h6 10. Nge2 0-0 11. 0-0 Bh5 12. Na4 Nd4 13. g4 Nxe2+ 14. Qxe2 Bd4 15. Bb2 Bxb2 16. Nxb2 Bg6 17. Rad1 Re8 18. f4 Qe7 19. f5 Bh7 20. Rfe1 c5 21. a3 a5 22. Na4 Qd7 23. Qd2 b6 24. g5 hxg5 25. Qxg5 b5 26. Nc3 bxc4 27. bxc4 Kh8 28. Nd5 Nxd5 29. cxd5 Qa4 30. f6 g6 31. Qh6 Rg8 32. Rb1 Rb3 33. Rec1 Qxa3 34. Rc3 Rxc3 35. Rb8 Qc1+ 36. Kh2 Qxh6 37. Rxg8+ Kxg8 0-1

[Event "Ontario-ch U20 U1800"]
[Site "Mississauga"]
[Date "2018.01.27"]
[Round "1.13"]
[White "Zhou, Mike"]
[Black "Yang, Elena"]
[Result "1-0"]
[WhiteElo "1393"]
[BlackElo "1586"]
[PlyCount "163"]
[EventDate "2018.01.27"]
[EventType "swiss"]
[EventRounds "5"]
[EventCountry "CAN"]
[SourceTitle "EXT 2022"]
[Source "ChessBase"]
[SourceDate "2021.10.06"]
[SourceVersion "1"]
[SourceVersionDate "2021.10.06"]
[SourceQuality "1"]

1. d4 e6 2. Bf4 Nf6 3. Nf3 g6 4. h3 b6 5. Nbd2 Bg7 6. e3 Bb7 7. Bd3 0-0 8. Be5 d6 9. Bxf6 Bxf6 10. 0-0 c5 11. c3 Nd7 12. Re1 e5 13. Ne4 Qc7 14. Ned2 Rfe8 15. dxc5 dxc5 16. Be4 b5 17. Bxb7 Qxb7 18. e4 Nb6 19. Qb3 a6 20. c4 Qc6 21. a3 Rad8 22. Rad1 Rd7 23. Qc3 Na4 24. Qc2 Nb6 25. b3 Red8 26. Re2 Bg7 27. Ree1 f6 28. Nf1 bxc4 29. Rxd7 Qxd7 30. Re3 cxb3 31. Qxb3+ Nd5 32. exd5 Kh8 33. Rc3 e4 34. N3d2 Qxd5 35. Qxd5 Rxd5 36. Nxe4 c4 37. Rxc4 h6 38. a4 a5 39. Ne3 Re5 40. Nd6 Kh7 41. Nb7 f5 42. Rc5 Re7 43. Nxa5 Bd4 44. Rc4 Bg7 45. Nc6 Rb7 46. a5 Rb1+ 47. Kh2 Rb2 48. Rc2 Rb1 49. Ra2 Rc1 50. Nb4 Be5+ 51. g3 Bd6 52. Ned5 h5 53. a6 h4 54. Kg2 hxg3 55. fxg3 Bc5 56. Nd3 Rg1+ 57. Kf3 Ba7 58. g4 Rd1 59. N3b4 fxg4+ 60. hxg4 Rc1 61. Rc2 Rf1+ 62. Ke4 Rf7 63. Rc7 Rxc7 64. Nxc7 Kh6 65. Ne6 Bb6 66. Kd5 Ba7 67. Kc6 g5 68. Kb7 Be3 69. Nd5 Bf2 70. Nb6 Kg6 71. a7 Kf6 72. a8Q Kxe6 73. Qa2+ Kf6 74. Qxf2+ Kg6 75. Qf5+ Kh6 76. Qf6+ Kh7 77. Qxg5 Kh8 78. Kc7 Kh7 79. Kd7 Kh8 80. Ke7 Kh7 81. Kf7 Kh8 82. Qg7# 1-0